000 00429nam a2200181Ia 4500
005 20250603144431.0
008 250603s9999 xx 000 0 und d
020 _a81-219-2781-1
050 _aTP 492 .K48/
100 _aKhurmi, R. S.
245 2 _aA textbook of refrigeration and air conditioning
260 _aNew Delhi
260 _bS.Chand
260 _c2006
300 _a708 p
650 _aNew Delhi
942 _cBK
999 _c38909
_d38909